000 00935nam a2200229Ia 4500
999 _c56660
_d56660
001 23782
003 GE_BSU
005 20241220145521.0
008 181216s1990||||ge |||||||||||||| ||geo||
040 _cGE_BSU
041 _ageo
080 _a611.9(075.8) თ-69
100 _aთოიძე, შალვა
_924019
245 _aტოპოგრაფიული ანატომია :
_b[სახელმძღვ. სამედ. ინ-ტის სტუდენტებისათვის] /
_cშ. თოიძე; რედ.: ს. კახიანი.
264 _aთბილისი
_bგანათლება,
_c1990.
300 _a403 გვ. ;
_b22 სმ.
541 _h9 ლ.
653 _aმედიცინა
653 _aტოპოგრაფიული ანატომია
700 _aკახიანი, ს.
_eრედაქტორი
_924020
942 _cBK
_2udc